History Quiz

Random History Quiz

U.S. Presidents Quiz Stats

 Plays Quiz not verified by Sporcle

Support Sporcle.
Go Orange.
Score 0/46 Timer 05:00
0 Plays Today
Year(s) in Office Answer % Correct
1789-1797George Washington
100%
2021-Joe Biden
100%
1797-1801John Adams
92.7%
1801-1809Thomas Jefferson
90.2%
1861-1865***Abraham Lincoln
87.8%
1829-1837Andrew Jackson
85.4%
2017-2021Donald Trump
85.4%
1825-1829John Quincy Adams
82.9%
1865-1869Andrew Johnson
82.9%
1961-1963***John F. Kennedy
82.9%
2001-2009George W. Bush
82.9%
2009-2017Barack Obama
82.9%
1933-1945*Franklin D. Roosevelt
80.5%
1963-1969Lyndon B. Johnson
80.5%
1969-1974Richard Nixon
80.5%
1989-1993George H. W. Bush
80.5%
1993-2001Bill Clinton
80.5%
1809-1817James Madison
78%
1901-1909Theodore Roosevelt
78%
1977-1981Jimmy Carter
75.6%
1841*William Henry Harrison
73.2%
1845-1849James K. Polk
73.2%
1923-1929Calvin Coolidge
73.2%
Year(s) in Office Answer % Correct
1929-1933Herbert Hoover
73.2%
1945-1953Harry S. Truman
73.2%
1953-1961Dwight D. Eisenhower
73.2%
1981-1989Ronald Reagan
73.2%
1869-1877Ulysses S. Grant
70.7%
1913-1921Woodrow Wilson
70.7%
1817-1825James Monroe
68.3%
1837-1841Martin Van Buren
68.3%
1909-1913William Howard Taft
68.3%
1974-1977Gerald Ford
68.3%
1849-1850*Zachary Taylor
65.9%
1857-1861James Buchanan
65.9%
1885-1889Grover Cleveland
65.9%
1893-1897Grover Cleveland
65.9%
1853-1857Franklin Pierce
63.4%
1841-1845John Tyler
61%
1850-1853Millard Fillmore
56.1%
1877-1881Rutherford B. Hayes
56.1%
1881***James A. Garfield
56.1%
1897-1901***William McKinley
56.1%
1889-1893Benjamin Harrison
53.7%
1921-1923*Warren G. Harding
53.7%
1881-1885Chester A. Arthur
51.2%

You're not logged in!

Compare scores with friends on all Sporcle quizzes.
OR
Log In

From the Vault

Pokémon (Gen VI)

by dertswa687o

They say a Klefki is born every time you lose your car keys.
Remove Ads.
Support Sporcle.
Get the best of Sporcle when you Go Orange. This ad-free experience offers more features, more stats, and more fun while also helping to support Sporcle. Thank you for becoming a member.

Show Comments

Extras

Created Feb 19, 2020ReportNominate
Tags:office, President

Top Quizzes Today


Score Distribution

Your Account Isn't Verified!

In order to create a playlist on Sporcle, you need to verify the email address you used during registration. Go to your Sporcle Settings to finish the process.

Report this User

Report this user for behavior that violates our Community Guidelines.

Details: